00841cam a2200217 4500001001300000003000400013005001700017008004100034010001700075040003600092070001700128100004000145245014100185260010700326300001800433650002900451650002900480700004600509710005100555999001700606agr67000245 DLC20260227111026.0690523s1966 dcu b 000 0 eng c aagr67000245  aU.S. Nat'l Agr. Libr.cDLCdDLC0 aaZ6675 .T8C61 aCoons, Callie Mae (Williams)d1898-10aSelected references on lathyrism;bresearch, experimental and clinical.c[References compiled by: Callie Mae Coons and Shirley L. Cress] aWashington,bU.S. Dept. of Agriculture, Agricultural Research Service, Office of Administratorc[1966] a25 p.c27 cm. 0aLathyrismxBibliography. 3aLathyrismxBibliography.1 aCress, Shirley Lee,d1925-ejoint author.1 aUnited States.bAgricultural Research Service. c12224d12224